Principle-centered leadership

Bibliographic Details
Main Author: Covey, Stephen R.
Format: Book
Published: New York : Simon & Schuster , 1992
Subjects:

MARC

LEADER 00000cam a2200000 7i4500
001 0000003350
005 20050614.0
020 |a 0671792806 
040 |a INS 
090 0 0 |a BF637.S8.   |b C67 1992 
100 1 |a Covey, Stephen R. 
245 1 0 |a Principle-centered leadership   |c Stephen R. Covey 
260 |a New York :   |b Simon & Schuster ,   |c 1992 
300 |a 334p ;   |c 21cm. 
650 0 0 |a Leadership 
999 |a 0000005478   |b BOOK   |c Open Shelf   |e Default branch 
999 |a 0000006645   |b BOOK   |c Open Shelf   |e Default branch